| 000 | 01037nac a22002771u 4500 | ||
|---|---|---|---|
| 010 | _a 83001960 | ||
| 020 | _a0443027625 : | ||
| 082 | 0 | 0 |
_a612.117 _bH2823 |
| 090 |
_c3606 _d3606 |
||
| 100 | _a20080729 | ||
| 245 | 0 | 0 |
_aMeasurements of platelet function / _cedited by Laurence A. Harker, Theodore S. Zimmerman. |
| 260 |
_aEdinburgh ; _aNew York : _bChurchill Livingstone,1983 _c1983. |
||
| 300 |
_aix, 241 p. : _bill. ; _c25 cm. |
||
| 440 | 0 |
_aMethods in hematology, _vv. 8 |
|
| 500 | _aDonations | ||
| 500 | _aDonations-Bibliotheca Alexandria | ||
| 504 | _aIncludes bibliographies and index. | ||
| 650 | 0 | _aBlood platelets. | |
| 650 | 0 |
_aBlood platelets _xExamination. |
|
| 650 | 0 |
_aBlood platelet disorders _xDiagnosis. |
|
| 650 | 0 |
_aPlate function tests _xMethods. |
|
| 700 | 1 | _aHarker, Laurence A. | |
| 700 | 1 | _aZimmerman, Theodore S. | |
| 942 |
_cBB _k612.117H2823 |
||
| 999 |
_c3606 _d3606 |
||